ONLINE PUBLIC ACCESS CATALOG(OPAC)

Reserve Bank of India Act, 1934 (Record no. 64038)

MARC details
000 -LEADER
fixed length control field 00352nam a22001337a 4500
008 - FIXED-LENGTH DATA ELEMENTS--GENERAL INFORMATION
fixed length control field 251106b |||||||| |||| 00| 0 eng d
020 ## - INTERNATIONAL STANDARD BOOK NUMBER
International Standard Book Number B81582703427A
082 ## - DEWEY DECIMAL CLASSIFICATION NUMBER
Classification number 332.11 EBC
100 ## - MAIN ENTRY--PERSONAL NAME
Personal name Eastern Book Company
245 ## - TITLE STATEMENT
Title Reserve Bank of India Act, 1934
260 ## - PUBLICATION, DISTRIBUTION, ETC. (IMPRINT)
Place of publication, distribution, etc New Delhi
Name of publisher, distributor, etc Eastern Book Company
Date of publication, distribution, etc 2024
300 ## - PHYSICAL DESCRIPTION
Extent iv, 157 pages
942 ## - ADDED ENTRY ELEMENTS (KOHA)
Item type Books
Holdings
Withdrawn status Lost status Source of classification or shelving scheme Damaged status Not for loan Collection code Home library Current library Shelving location Date acquired Source of acquisition Cost, normal purchase price Total Checkouts Full call number Barcode Date last seen Koha item type Public note
    Dewey Decimal Classification     Under Graduation School of Law School of Law SCHOOL OF LAW 06/11/2025 Eastern Book Company 340.00   332.11 EBC SL5094 06/11/2025 Reference Rack No. R03 Shelf No. 117

Powered by Koha